Marketing neziskových organizácií, športu a kultúry

Salvato in:
Dettagli Bibliografici
Autore principale: Tajtáková, Mária
Altri autori: Nová, Jana, Bedřich, Ladislav
Natura: Libro
Lingua:slovacco
Pubblicazione: Bratislava Wolters Kluwer 2016
Edizione:1. vydanie
Serie:Ekonómia
Soggetti:
Tags: Aggiungi Tag
Nessun Tag, puoi essere il primo ad aggiungerne!!

MARC

LEADER 00000nam a2200000 4500
001 0249410
005 20240226122559.7
020 |a 978-80-8168-407-4 
041 0 |a slo 
044 |a SK 
245 1 0 |a Marketing neziskových organizácií, športu a kultúry  |c Mária Tajtáková, Jana Nová, Ladislav Bedřich 
250 |a 1. vydanie 
264 1 |a Bratislava  |b Wolters Kluwer  |c 2016 
300 |a 194 s. 
490 1 |a Ekonómia 
830 0 |a Ekonómia 
610 2 0 |a marketing 
610 2 0 |a organizácie neziskové 
610 2 0 |a šport 
610 2 0 |a kultúra 
610 2 0 |a marketing sociálny 
610 2 0 |a plán marketingový 
610 2 0 |a marketing mix 
610 2 0 |a produkty 
610 2 0 |a distribúcia 
610 2 0 |a sponzorovanie 
610 2 0 |a zákazky 
610 2 0 |a komunikácia marketingová 
610 2 0 |a osobnosť 
100 1 |a Tajtáková, Mária 
700 1 |a Nová, Jana 
700 1 |a Bedřich, Ladislav